Edinburgh Airport Destinations (Edinburgh, Scotland) - Map - Statistics

General Stats
  • This quiz has been taken 275 times
  • The average score is 107 of 165
Answers on the Map
Answers color-coded by a green-red scale on the quiz's map according to % correct below.
 
Answer Stats
Destination % Correct
Toronto (Pearson)
96%
Chicago (O'Hare)
94%
Isle of Man
94%
Reykjavík
94%
Boston
93%
Dublin
93%
Lisbon
93%
London (City)
93%
London (Gatwick)
93%
London (Heathrow)
93%
London (Luton)
93%
London (Stansted)
93%
New York (JFK)
93%
Atlanta
92%
Copenhagen
92%
Montréal (Trudeau)
92%
Orlando
92%
Oslo
92%
Paris (Charles de Gaulle)
92%
Paris (Orly)
92%
Barcelona
91%
Helsinki
91%
Stockholm (Arlanda)
91%
Berlin
90%
Istanbul
90%
Istanbul (Sabiha Gökçen)
90%
Madrid
90%
Rome (Ciampino)
90%
Rome (Fiumicino)
90%
Washington (Dulles)
90%
Amsterdam
89%
Athens
89%
Calgary
89%
Milan (Linate)
89%
Milan (Malpensa)
89%
Porto
89%
Warsaw (Modlin)
89%
Brussels
88%
Dubai (International)
88%
Vienna
88%
Bucharest (Otopeni)
87%
Cork
87%
Marseille
87%
Munich
87%
Nice
87%
Philadelphia
87%
Venice
87%
Zürich
87%
Budapest
86%
Frankfurt
86%
Prague
86%
Riga
85%
Sofia
85%
Beijing (Capital)
84%
Doha
84%
Geneva
84%
Hamburg
84%
Kraków
84%
Lyon
84%
Naples
84%
Birmingham
83%
Turin
81%
Bordeaux
80%
Ibiza
80%
Malta
80%
Palermo
80%
Seville
80%
Valencia
80%
Bilbao
79%
Cologne/Bonn
79%
Tirana
79%
Bristol
78%
Gdańsk
78%
Bratislava
77%
Florence
77%
Gothenburg
77%
Newark
76%
Tenerife (South)
76%
Málaga
75%
Thessaloniki
75%
Bergen
74%
Halifax
74%
Ljubljana
73%
Luxembourg
73%
Split
73%
Stuttgart
73%
Düsseldorf
72%
Faro
72%
Marrakesh
72%
Southampton
72%
Palma de Mallorca
71%
Toulouse
71%
Dubrovnik
70%
Salzburg
70%
Derry
67%
Jersey
67%
Bari
66%
Bologna
65%
Nantes
65%
Basel/Mulhouse
64%
Alicante
63%
Heraklion
63%
Pisa
63%
Belfast (City)
62%
Belfast (International)
62%
Innsbruck
61%
Menorca
60%
Rhodes
60%
Guernsey
59%
Antalya
57%
Gran Canaria
57%
Wrocław
57%
Catania
56%
Verona
56%
Funchal
51%
Corfu
50%
Poznań
50%
Exeter
48%
Kaunas
48%
Eindhoven
47%
Larnaca
47%
Bournemouth
43%
San Sebastián
43%
Agadir
42%
Grenoble
42%
Bergamo
41%
Santorini
41%
Shannon
41%
Girona
40%
Lanzarote
40%
Rovaniemi
40%
Billund
38%
Paphos
38%
Sharm El Sheikh
37%
Zadar
37%
Burgas
36%
Charleroi
36%
Fuerteventura
36%
Hurghada
34%
Kos
33%
Santander
33%
Kirkwall
31%
Zakynthos
30%
Bodrum
26%
Olbia
24%
Beauvais
23%
Kefalonia
23%
Newquay
23%
Stornoway
23%
Biarritz
22%
Dalaman
22%
Rzeszów
21%
Kalamata
20%
Reus
19%
Knock
17%
Poitiers
15%
Preveza/Lefkada
15%
Vágar
15%
Chambéry
14%
Skiathos
14%
Béziers
13%
Enfidha
11%
Bergerac
10%
Sumburgh
10%
Weeze
10%
No matching quizzes found
Score Distribution
Percent of People with Each Score
Percentile by Number Answered
Your Score History
You have not taken this quiz